000 00385nam a2200157 i 4500
001 bg
100 1 _aBARNES, C. C.
245 0 _aPower cables :
_btheir design and installation /
_cC. Barnes, J. Hacking.
260 _aLondyn,
_c1966.
700 1 _aHACKING, John
040 _cBPK
041 _apol
080 _a621.315.2
942 _cKS
008 s pl f |000 0 pol
999 _c8560
_d8560
856 _uhttp://koha.tu.koszalin.pl/cgi-bin/koha/opac-detail.pl?biblionumber=8560
_yKatalog online BPK